| 000 | 00659nam a22001817a 4500 | ||
|---|---|---|---|
| 005 | 20251108175359.0 | ||
| 008 | 250721s2015 xx 000 0 ara d | ||
| 082 | 1 | 4 | _a926.1/كلم |
| 100 | 1 |
_aقنصل، خليل _eمعد |
|
| 245 | 1 | 0 | _aكلمات وفاء في المرحوم الدكتور عبد الرحيم بدر ( غاليليو الخليلي) بمناسبة الذكرى العشرين لرحيله / |
| 264 | 1 |
_aعمان : _bالصايل للنشر والتوزيع، _c2015. |
|
| 300 | _a107 ص. | ||
| 650 | 1 | 7 | _aالتراجم |
| 650 | 1 | 7 | _aالاطباء |
| 700 | 1 |
_aغصيب، همام _eمقدم |
|
| 942 |
_2ddc _cBK |
||
| 999 |
_c132762 _d132762 |
||